[Event "HCL-A2555"]
[Site "www.playchess.de"]
[Date "2006.03.22"]
[Round "3"]
[White "Mazarella"]
[Black "xikim"]
[WhiteElo "1600"]
[BlackElo "1564"]
[PlyCount "52"]
[Result "0-1"]

1.d3 e5 2.a3 d5 3.Nd2 Nf6 4.c4 c5 5.b3 Nc6 6.Bb2 
d4 7.Ra2 Bd6 8.Ngf3 O-O 9.g3 Be6 10.Bg2 Qd7 11.Bc1 
Bh3 12.Bxh3 Qxh3 13.Ng5 Qh5 14.Ndf3 h6 15.Bd2 hxg5 
16.Bxg5 Nh7 17.Qd2 Nxg5 18.Nxg5 Be7 19.Nf3 Qh6 
20.Qxh6 gxh6 21.O-O f5 22.Re1 e4 23.dxe4 fxe4 
24.Nd2 e3 25.fxe3 dxe3 26.Nf3 Nd4 0-1

[Event "HCL-C3961"]
[Site "www.playchess.de"]
[Date "2006.03.22"]
[Round "7"]
[White "Sabsi"]
[Black "Erakis"]
[WhiteElo "1017"]
[BlackElo "800"]
[PlyCount "73"]
[Result "1-0"]

1.e4 Nf6 2.Nc3 b6 3.d4 c5 4.e5 Ng8 5.Nf3 d5 6.dxc5 
bxc5 7.Nxd5 e6 8.Nc3 Qxd1+ 9.Nxd1 Nc6 10.Nc3 Be7 
11.Bc4 Na5 12.b3 Nc6 13.O-O Nd4 14.Be3 Nxc2 
15.Rad1 Na3 16.h3 Nh6 17.Rfe1 Nc2 18.Re2 Nb4 
19.Bxh6 gxh6 20.a3 Nc2 21.Rxc2 Bb7 22.Rd3 Rg8 
23.Rcd2 h5 24.Bb5+ Kf8 25.R3d7 Bxf3 26.R2d3 Rxg2+ 
27.Kf1 a6 28.Rxf3 Rxf2+ 29.Kxf2 axb5 30.a4 Ke8 
31.Rd2 b4 32.Nb5 Rc8 33.Nd6+ Bxd6 34.exd6 Kd7 
35.Rfd3 Rg8 36.Ke3 Rg1 37.a5 1-0

[Event "HCL-M888"]
[Site "www.playchess.de"]
[Date "2006.03.22"]
[Round "3"]
[White "mikmet"]
[Black "PamperedPawn"]
[WhiteElo "2343"]
[BlackElo "2389"]
[PlyCount "50"]
[Result "0-1"]

1.f4 d5 {Hello.  Looking to a good game!}  2.Nf3 
Nf6 3.e3 Bg4 4.Be2 e6 5.O-O Nbd7 6.d4 c5 7.c3 Bd6 
8.Bd2 O-O 9.Be1 Qb6 10.Qc2 Bf5 11.Qc1 Rac8 12.Ne5 
cxd4 13.exd4 Nxe5 14.fxe5 Bxe5 15.Bf2 Bd6 16.Nd2 
Bf4 17.Bf3 Qb5 18.g3 Bg5 19.Rd1 Be4 20.a4 Qa6 
21.Bxe4 Nxe4 22.Be1 Be3+ 23.Kh1 Qe2 24.Qc2 Nxd2 
25.Rxd2 Qf1+ 0-1

[Event "HCL-B3900"]
[Site "www.playchess.de"]
[Date "2006.03.22"]
[Round "9"]
[White "ramoz"]
[Black "Marvinni"]
[WhiteElo "1300"]
[BlackElo "1717"]
[PlyCount "24"]
[Result "0-1"]

1.e4 e5 2.Qh5 Qe7 3.d3 Nf6 4.Qf3 d6 5.h3 Nc6 6.c3 
Be6 7.Na3 a6 8.Bd2 O-O-O 9.Ne2 d5 10.Ng3 dxe4 
11.dxe4 Qd7 12.Qe3 Bc5 0-1

[Event "HCL-A2629"]
[Site "www.playchess.de"]
[Date "2006.03.22"]
[Round "36"]
[White "mrchess"]
[Black "nico21"]
[WhiteElo "1436"]
[BlackElo "1513"]
[PlyCount "83"]
[Result "1-0"]

1.d4 {good luck}  d5 2.e3 c6 3.Bd3 Nf6 4.Nd2 e6 
5.f4 c5 6.c3 cxd4 7.exd4 a6 8.Ngf3 Nc6 9.Ne5 Qc7 
10.O-O Bd6 11.Ndf3 h6 12.Nxc6 Qxc6 13.Ne5 Qc7 
14.Qf3 b5 15.Qg3 Rg8 16.f5 exf5 17.Bxf5 Bxf5 
18.Rxf5 O-O-O 19.Qh3 Kb7 20.Be3 Ka8 21.Raf1 Rdf8 
22.Qf3 Ne4 23.Rxf7 Rxf7 24.Qxf7 Qxf7 25.Rxf7 Kb8 
26.Nf3 Nf6 27.h3 Ne8 28.Rd7 Kc8 29.Ra7 Nc7 30.Ne5 
Bxe5 31.dxe5 Kb8 32.Bb6 Rc8 33.Kf2 g6 34.Rxc7 Rxc7 
35.Bxc7+ Kxc7 36.Ke3 Kd7 37.Kd4 Ke6 38.b4 h5 39.h4 
Ke7 40.Kxd5 Kd7 41.e6+ Ke7 42.Ke5 1-0

[Event "HCL-A2627"]
[Site "www.playchess.de"]
[Date "2006.03.22"]
[Round "18"]
[White "GCP"]
[Black "mrchess"]
[WhiteElo "1445"]
[BlackElo "1416"]
[PlyCount "63"]
[Result "1-0"]

1.e4 {welcome to two new games}  e5 {thanks}  
2.Nf3 Nf6 3.d4 Nxe4 4.Bd3 d5 5.Nxe5 Qf6 6.Qe2 Bf5 
7.Nf3 Be7 8.O-O O-O 9.Nbd2 Nc6 10.Nxe4 dxe4 
11.Bxe4 Bxe4 12.Qxe4 Rfe8 13.c3 Bd6 14.Qh4 Qxh4 
15.Nxh4 Re4 16.Nf5 Bf8 17.Be3 Rd8 18.Rad1 Rd5 
19.Ng3 Re8 20.a3 Na5 21.Rfe1 Nc4 22.Bc1 Rdd8 
23.Nf5 g6 24.Ne3 Nd6 25.a4 Re7 26.c4 Rde8 27.Kf1 
f5 28.c5 Ne4 29.Nd5 Rf7 30.f3 Nf6 31.Nxf6+ Rxf6 
32.Rxe8 1-0

[Event "HCL-C4215"]
[Site "www.playchess.de"]
[Date "2006.03.22"]
[Round "8"]
[White "sonnenschein"]
[Black "simple"]
[WhiteElo "1200"]
[BlackElo "767"]
[PlyCount "80"]
[Result "0-1"]

1.d4 d5 2.Nf3 Nf6 3.Nc3 Ng4 4.h3 Nf6 5.Bf4 Nc6 
6.Ne5 e6 7.e3 Ne4 8.Nxe4 Nxe5 9.Bxe5 dxe4 10.Bc4 
f6 11.Bf4 g5 12.Qh5+ Kd7 13.Bg3 Qe8 14.Qg4 Kd8 
15.O-O-O h6 16.d5 exd5 17.Rxd5+ Bd6 18.Qd1 Bd7 
19.Bxd6 cxd6 20.Rxd6 Rh7 21.Be6 Kc7 22.Bg4 Rd8 
23.Qd4 Bxg4 24.Qc5+ Kb8 25.Rhd1 Bxd1 26.Rxd1 Rxd1+ 
27.Kxd1 Rd7+ 28.Ke2 Rc7 29.Qd6 Qd7 30.Qd4 Qxd4 
{Good Day to you.}  31.exd4 Rxc2+ 32.Ke3 f5 33.f4 
{also a nice day}  gxf4+ 34.Kxf4 Rxb2 35.Kxf5 Rxg2 
36.Kxe4 Rxa2 37.d5 Ra5 38.Ke5 Kc8 39.Ke6 Kd8 40.d6 
Rh5 0-1

[Event "HCL-B3935"]
[Site "www.playchess.de"]
[Date "2006.03.22"]
[Round "9"]
[White "pera"]
[Black "djpnola"]
[WhiteElo "1016"]
[BlackElo "1067"]
[PlyCount "98"]
[Result "0-1"]

1.e4 {Hi and good luck for the game}  e5 {Hello 
again. Good luck to you, too.}  2.Nf3 Nc6 3.Bb5 a6 
4.Bxc6 bxc6 5.Nxe5 Qe7 6.d4 f6 7.Qh5+ g6 8.Nxg6 
Qxe4+ 9.Be3 Qxg6 10.Qxg6+ hxg6 11.O-O Bh6 12.Re1 
Bxe3 13.Rxe3+ Kf7 14.Nd2 d5 15.Rf3 Bg4 16.Rf4 Bf5 
17.c3 Nh6 18.b4 g5 19.Rf3 a5 20.Nb3 axb4 21.cxb4 
Rhe8 22.Nc5 Rxa2 23.Rf1 Rae2 24.Na6 R2e1 25.Nxc7 
R8e7 26.Na6 Bg4 27.Re3 R1xe3 28.fxe3 Rxe3 29.Nb8 
Rc3 30.h3 Bc8 31.Ra1 Rc4 32.Ra7+ Ke6 33.Na6 Bxa6 
34.Rxa6 Rxb4 35.Rxc6+ Kf5 36.g4+ Kg6 37.Rd6 Rxd4 
38.Kf2 Rd2+ 39.Ke3 Rh2 40.Rxd5 Rxh3+ 41.Ke4 Nxg4 
42.Rd8 Re3+ 43.Kd4 Kf5 44.Rd5+ Re5 45.Rd6 Ne3 
46.Rd7 Kf4 47.Rf7 f5 48.Rg7 Re4+ 49.Kd3 
g4 0-1

[Event "HCL-B3935"]
[Site "www.playchess.de"]
[Date "2006.03.22"]
[Round "20"]
[White "Azimut"]
[Black "pera"]
[WhiteElo "1417"]
[BlackElo "1016"]
[PlyCount "101"]
[Result "1-0"]

1.e3 {Hello friend, please to meet you and good 
luck!}  e5 {You too. Good luck for the game!}  
2.b3 Bb4 3.Bb2 Nc6 4.g3 d5 5.Bg2 Nf6 6.Ne2 Bg4 
7.a3 Bc5 8.d3 O-O 9.Nd2 d4 10.e4 b5 11.h3 Bxe2 
12.Qxe2 b4 13.a4 a5 14.O-O Ne7 15.Bc1 Bd6 16.f4 
Ng6 17.f5 Ne7 18.g4 c5 19.g5 Nd7 20.f6 gxf6 
21.gxf6 Ng6 22.Qf3 Nxf6 23.Qxf6 Be7 24.Qf5 f6 
25.Nf3 Nf4 26.Bxf4 exf4 27.Qxf4 Bd6 28.Qf5 Qe7 
29.Kh1 Kh8 30.Rfg1 Bg3 31.Nd2 Qd6 32.Nf1 Rfg8 
33.Nxg3 Rxg3 34.Raf1 Rag8 35.Qxf6+ Qxf6 36.Rxf6 
Re3 37.Rf5 Rc8 38.Rf7 c4 39.bxc4 Re2 40.Bf3 Rxc2 
41.Rgg7 Rc1+ 42.Kg2 Rg8 43.Rxg8+ Kxg8 44.Rb7 Rb1 
45.e5 Rb3 46.Be4 Ra3 47.e6 Rxa4 48.e7 Ra2+ 49.Kg3 
Kf7 50.Bd5+ Ke8 51.Bc6+ 1-0

[Event "HCL-A2617"]
[Site "www.playchess.de"]
[Date "2006.03.22"]
[Round "25"]
[White "victorabiodun03"]
[Black "mrchess"]
[WhiteElo "1579"]
[BlackElo "1473"]
[PlyCount "53"]
[Result "1-0"]

1.d4 d5 2.Bg5 Nd7 3.Nd2 Ngf6 4.Ngf3 e6 5.e4 dxe4 
6.Nxe4 Be7 7.Ng3 a6 8.Bd3 O-O 9.c3 h6 10.Bd2 b5 
11.O-O c5 12.Bc2 c4 13.Bf4 Nd5 14.Bd2 Bd6 15.Qe2 
Bf4 16.Bxf4 Nxf4 17.Qe4 f5 18.Qxf4 Nf6 19.Ne5 Qe8 
20.Rae1 g5 21.Qf3 Bd7 22.Qb7 Rb8 23.Qxa6 Ra8 
24.Qd6 Rxa2 25.Nxd7 Nxd7 26.Rxe6 Qf7 
27.Nxf5 1-0

[Event "HCL-C4125"]
[Site "www.playchess.de"]
[Date "2006.03.22"]
[Round "5"]
[White "edi"]
[Black "nichju"]
[WhiteElo "1200"]
[BlackElo "1066"]
[PlyCount "42"]
[Result "0-1"]

1.e4 e6 2.d4 d5 3.Bd3 Nc6 4.Be3 dxe4 5.Bxe4 Bb4+ 
6.c3 Ba5 7.Nf3 f5 8.Bxc6+ bxc6 9.O-O Nf6 10.Ne5 
Qd5 11.Qf3 Qxf3 12.Nxf3 Ng4 13.Bf4 O-O 14.Nbd2 Ba6 
15.Rfe1 Rfe8 16.Nb3 Bb6 17.Ng5 Bc4 18.Nd2 Bd5 
19.Re2 h6 20.Ngf3 Bxf3 21.Nxf3 
g5 0-1

[Event "HCL-A2562"]
[Site "www.playchess.de"]
[Date "2006.03.22"]
[Round "10"]
[White "vega3"]
[Black "q77ro"]
[WhiteElo "1421"]
[BlackElo "1468"]
[PlyCount "84"]
[Result "0-1"]

1.e4 {good luck!}  b6 2.Nf3 Bb7 3.Nc3 e6 4.Bb5 Bb4 
5.d3 Bxc3+ 6.bxc3 h6 7.O-O Ne7 8.Re1 O-O 9.Bf4 Ng6 
10.Bg3 c6 11.Bc4 d5 12.Bb3 a5 13.e5 a4 14.c4 axb3 
15.cxb3 c5 16.Qd2 d4 17.b4 Nc6 18.bxc5 bxc5 19.a4 
Nb4 20.Ra3 Bc6 21.Rea1 Qd7 22.a5 Ra6 23.Ne1 Rfa8 
24.Nc2 Qb7 25.f3 h5 26.h4 Ne7 27.Be1 Nxc2 28.Qxc2 
Nf5 29.Qc1 Bxf3 30.gxf3 Qxf3 31.R1a2 Ng3 32.Bxg3 
Qxg3+ 33.Rg2 Qxh4 34.Qg5 Qxg5 35.Rxg5 g6 36.Ra1 
R6xa5 37.Rf1 R5a1 38.Rg3 Rxf1+ 39.Kxf1 Ra2 40.Rg2 
Rxg2 41.Kxg2 Kg7 42.Kh3 g5 0-1

[Event "HCL-A2622"]
[Site "www.playchess.de"]
[Date "2006.03.22"]
[Round "21"]
[White "Wernswig"]
[Black "GCP"]
[WhiteElo "1411"]
[BlackElo "1445"]
[PlyCount "76"]
[Result "0-1"]

1.e4 {hi, have a nice game}  d6 {the same to you}  
2.d4 Nf6 3.Nc3 g6 4.Bc4 Bg7 5.Nf3 c6 6.O-O b5 
7.Bb3 b4 8.Ne2 Nxe4 9.Bd2 a5 10.a3 bxa3 11.Rxa3 
Nxd2 12.Qxd2 Bg4 13.Bxf7+ Kxf7 14.Qf4+ Bf5 15.g4 
Rf8 16.gxf5 Kg8 17.Ng3 e6 18.Ng5 Qe7 19.Qe4 Qxg5 
20.Qxe6+ Kh8 21.fxg6 Qxg6 22.Qxg6 hxg6 23.Ne4 d5 
24.Rh3+ Kg8 25.Nd6 Bxd4 26.Kg2 Nd7 27.f3 Bxb2 
28.Re1 Ne5 29.Re3 Bd4 30.Re2 Rab8 31.c4 Rf6 32.f4 
Nxc4 33.Nxc4 dxc4 34.Re7 Rxf4 35.Rhh7 Rf2+ 36.Kg3 
a4 37.Rea7 Bxa7 38.Rxa7 Ra2 0-1

[Event "HCL-E1594"]
[Site "www.playchess.de"]
[Date "2006.03.22"]
[Round "5"]
[White "Baldrick"]
[Black "Tarrega"]
[WhiteElo "1721"]
[BlackElo "1737"]
[PlyCount "35"]
[Result "1-0"]

1.f4 {Greetings!}  d5 {and Salutations}  2.Nf3 
{Good luck!!}  Bg4 {u2}  3.d4 {Thanks!}  Nd7 
4.Nbd2 Ngf6 5.h3 Bf5 6.g4 Be4 7.Bg2 c5 8.c3 e6 
9.O-O Bd6 10.Ne5 Bxg2 11.Kxg2 cxd4 12.cxd4 Qb6 
13.Qa4 Rd8 14.Ndf3 O-O 15.g5 Ne4 16.Nxd7 Qc7 
17.Nxf8 Kxf8 18.Ne5 1-0

[Event "HCL-B3917"]
[Site "www.playchess.de"]
[Date "2006.03.22"]
[Round "6"]
[White "eisbaer17"]
[Black "Innessa"]
[WhiteElo "1310"]
[BlackElo "964"]
[PlyCount "57"]
[Result "1-0"]

1.d4 d5 {Gruesse ! Viel Erfolg !}  2.c4 {hallo, 
lange nich gesehen...}  dxc4 3.e4 e6 {Haben wir 
gespielt ?}  4.Nf3 {ja, hcl-c3618-1}  Nf6 5.Bg5 
Be7 {Ja, wirklich ! (zerschteuerte Sklerose ! )}  
6.Nc3 {harte krankheit aber immer noch besser als 
alzheimer :)}  O-O {Besst ist schoene Gesundheit ! 
Dieser Winter war sehr hart, so dass alle Menschen 
in Russia fuhlen das .}  7.Bxc4 {die kälte war 
sicher nicht angenehm, es wurde bei uns viel 
darüber berichtet}  Nc6 {Man sagt viel von`globale 
Warmung`, und wir werden ein wenig schwach und 
waren nicht bereit zur Kalte .}  8.O-O {globale 
erwärmung heißt soviel wie: extreme temeratur 
schwankungen}  h6 {Ja, gut . Wie geht es Ihnen 
jetzt ? Gibt es etwas neues in der Arbeit oder der 
Studierung ?}  9.Bxf6 Bxf6 10.e5 {alles ganz gut}  
Be7 {Ja, gut .}  11.a3 a6 12.Qe2 Nxd4 13.Nxd4 b5 
14.Bd3 Qxd4 15.Rad1 Qc5 16.Be4 Rb8 17.Bc2 g6 
18.Ne4 Qxe5 19.b4 Bb7 20.Rfe1 f5 21.Nc5 Qb2 22.Nd7 
Qxa3 23.Nxb8 Rxb8 24.Qxe6+ Kh8 25.Qxe7 Be4 26.Bxe4 
fxe4 27.Qf6+ Kg8 28.Rd7 Rf8 29.Qg7+ 1-0

[Event "HCL-C4183"]
[Site "www.playchess.de"]
[Date "2006.03.22"]
[Round "12"]
[White "pytolo98"]
[Black "spartan1"]
[WhiteElo "1199"]
[BlackElo "964"]
[PlyCount "52"]
[Result "0-1"]

1.e4 e5 2.Nf3 d6 3.h3 a6 4.Bc4 Nf6 5.d3 h6 6.Be3 
d5 7.exd5 Nxd5 8.Bxd5 Qxd5 9.Nc3 Bb4 10.O-O Bxc3 
11.bxc3 O-O 12.c4 Qe6 13.Bc5 Re8 14.Re1 b6 15.Ba3 
Nd7 16.Bb2 Bb7 17.Bxe5 Bxf3 18.Qxf3 Nxe5 19.Qg3 
Rad8 20.Rxe5 Qxe5 21.Qf3 Qxa1+ 22.Kh2 Qxa2 23.Qc6 
Qxc2 24.Qxc7 Qxf2 25.Qb7 Rxd3 26.Qc6 
Qg3+ 0-1

[Event "HCL-B3868"]
[Site "www.playchess.de"]
[Date "2006.03.22"]
[Round "11"]
[White "DTW"]
[Black "Rochade_III"]
[WhiteElo "1289"]
[BlackElo "964"]
[PlyCount "77"]
[Result "1-0"]

1.e4 e5 2.Nf3 Nc6 3.Nc3 Nf6 4.d4 d6 5.d5 Nb4 6.a3 
Na6 7.Bxa6 bxa6 8.Bg5 Rb8 9.Rb1 Be7 10.O-O O-O 
11.h3 Bb7 12.Re1 c6 13.dxc6 Bxc6 14.Bxf6 Bxf6 
15.Qe2 Re8 16.Qxa6 Qb6 17.Qxb6 Rxb6 18.b3 a5 19.a4 
Rb4 20.Rbd1 Rd8 21.Nd5 Bxd5 22.Rxd5 h6 23.Red1 
Rxe4 24.R5xd6 Rxd6 25.Rxd6 Re2 26.Rc6 e4 27.Nh2 
Re1+ 28.Nf1 Bd4 29.g3 e3 30.fxe3 Bxe3+ 31.Kg2 Re2+ 
32.Kf3 Rf2+ 33.Kxe3 Rxf1 34.Rc5 Rc1 35.Kf2 g6 
36.Rxa5 Rxc2+ 37.Kf3 Rc3+ 38.Kf4 Rxb3 
39.h4 1-0

[Event "HCL-B3763"]
[Site "www.playchess.de"]
[Date "2006.03.22"]
[Round "11"]
[White "unclcarle"]
[Black "Regicide"]
[WhiteElo "1099"]
[BlackElo "990"]
[PlyCount "65"]
[Result "1-0"]

1.e4 {Hello again.  Have a great game.}  e5 {Thank 
you, and likewise}  2.Nf3 Nc6 3.Bb5 Nb4 4.a3 c6 
5.Bc4 b5 6.axb4 Bxb4 7.Bb3 f6 8.O-O Nh6 9.d3 Bc5 
10.Bxh6 gxh6 11.d4 exd4 12.Nxd4 Qb6 13.Qh5+ Kd8 
14.Qf5 Bxd4 15.c3 Be5 16.Nd2 d5 17.Qf3 Rg8 18.exd5 
Ba6 19.Rfd1 b4 20.dxc6 Kc7 21.Bxg8 Rxg8 22.cxb4 
Bxb2 23.Ra4 Bb5 24.Ra5 a6 25.Ne4 Bxc6 26.Qb3 Rd8 
27.Rxd8 Kxd8 28.Qg8+ Kc7 29.Qxh7+ Kd8 30.Qg8+ Be8 
31.Rd5+ Ke7 32.Qh7+ Ke6 33.Rd6+ 1-0

[Event "HCL-E1569"]
[Site "www.playchess.de"]
[Date "2006.03.22"]
[Round "11"]
[White "Glomp"]
[Black "chess50"]
[WhiteElo "1550"]
[BlackElo "2160"]
[PlyCount "40"]
[Result "0-1"]

1.e4 {Good luck!}  e5 2.Nf3 Nf6 3.Nxe5 d6 4.Nc4 
Nxe4 5.d4 d5 6.Ne3 Nc6 7.c3 Qf6 8.Qe2 Be6 9.Nd2 
Nxd2 10.Bxd2 O-O-O 11.Ng4 Qg6 12.Ne5 Nxe5 13.dxe5 
d4 14.c4 Qc2 15.b3 Qb2 16.Qd1 d3 17.f4 Qd4 18.Rc1 
Qe4+ 19.Kf2 Bc5+ 20.Kg3 Qg6+ 0-1

[Event "ACL-M089"]
[Site "www.playchess.de"]
[Date "2006.03.22"]
[Round "1"]
[White "Beezer"]
[Black "Loge"]
[WhiteElo "1960"]
[BlackElo "1993"]
[PlyCount "52"]
[Result "0-1"]

1.e4 {Hello again!}  e5 {Pleased to meet you 
again. Have a good game!}  2.Nf3 Nf6 3.Nxe5 d6 
4.Nf3 Nxe4 5.d4 d5 6.Bd3 Be7 7.O-O Nc6 8.Re1 Bg4 
9.c3 f5 10.Qb3 O-O 11.Nbd2 Na5 12.Qc2 Nc6 13.b4 a6 
14.Ne5 Nxe5 15.dxe5 c5 16.f3 cxb4 17.Bxe4 fxe4 
18.fxg4 Qb6+ 19.Kh1 Qf2 20.Rg1 Bc5 21.Bb2 e3 
22.Qb3 exd2 23.cxb4 Be3 24.Qxd5+ Qf7 25.e6 Qe7 
26.Rgd1 Rad8 0-1

[Event "HCL-E1584"]
[Site "www.playchess.de"]
[Date "2006.03.22"]
[Round "5"]
[White "Aspirin"]
[Black "XANDERKIRV"]
[WhiteElo "2001"]
[BlackElo "1489"]
[PlyCount "67"]
[Result "1-0"]

1.d4 d5 2.c4 e6 3.Nc3 Nf6 4.Nf3 h6 5.Bf4 c6 6.e3 
Bb4 7.Nd2 O-O 8.Qc2 Bd6 9.Bxd6 Qxd6 10.c5 Qe7 
11.f4 Nbd7 12.Be2 Re8 13.O-O Nf8 14.b4 a6 15.a4 
Bd7 16.b5 axb5 17.axb5 Reb8 18.b6 Qd8 19.Nb3 Rxa1 
20.Rxa1 Ra8 21.Ra7 Qb8 22.Qa2 Rxa7 23.Qxa7 Qc8 
24.Na5 Be8 25.Qxb7 Qxb7 26.Nxb7 N8d7 27.Nd6 Nb8 
28.g4 Kf8 29.h4 Ng8 30.Na2 Ke7 31.Nb4 Bd7 32.Na6 
Nxa6 33.Bxa6 Kd8 34.Nxf7+ 1-0

[Event "HCL-C4109"]
[Site "www.playchess.de"]
[Date "2006.03.22"]
[Round "6"]
[White "Milosforman"]
[Black "Dereck"]
[WhiteElo "958"]
[BlackElo "1344"]
[PlyCount "96"]
[Result "0-1"]

1.d4 d5 2.Nf3 Nc6 3.e3 Bg4 4.Be2 Nf6 5.Ne5 Bxe2 
6.Qxe2 e6 7.Nxc6 bxc6 8.c3 Bd6 9.g3 c5 10.dxc5 
Bxc5 11.Nd2 O-O 12.Nf3 Ne4 13.Nd2 f5 14.Nxe4 dxe4 
15.b4 Bb6 16.O-O e5 17.f4 exf3 18.Qxf3 f4 19.gxf4 
Rxf4 20.Qg3 Rxf1+ 21.Kxf1 Qf6+ 22.Kg1 Rf8 23.Ba3 
e4 24.b5 Qxc3 25.Bxf8 Qxa1+ 26.Kg2 Kxf8 27.Qf4+ 
Kg8 28.Qxe4 Qxa2+ 29.Kg3 h6 30.Qe8+ Kh7 31.Qe4+ 
Kh8 32.Qe8+ Qg8 33.Qxg8+ Kxg8 34.e4 Kf7 35.Kf4 Ke6 
36.h4 g5+ 37.hxg5 hxg5+ 38.Kxg5 Ke5 39.Kg4 Kxe4 
40.Kg5 Kd4 41.Kf5 Kc4 42.Ke5 Kxb5 43.Kd5 a5 44.Ke4 
Kb4 45.Kd3 Kb3 46.Kd2 Kb2 47.Kd3 a4 48.Kc4 
a3 0-1

[Event "HCL-C4148"]
[Site "www.playchess.de"]
[Date "2006.03.22"]
[Round "12"]
[White "Milosforman"]
[Black "Idris"]
[WhiteElo "936"]
[BlackElo "844"]
[PlyCount "72"]
[Result "0-1"]

1.d4 d5 2.Nc3 e6 3.h4 Bb4 4.Bd2 Ne7 5.a3 Bxc3 
6.Bxc3 Bd7 7.e3 Nbc6 8.Nf3 f5 9.Ng5 h6 10.Nh3 Ng6 
11.Nf4 Nxf4 12.exf4 Qf6 13.Qe2 Ne7 14.O-O-O O-O-O 
15.Bb4 Ba4 16.Bxe7 Qxe7 17.Rd3 Rd6 18.Rc3 Rb6 
19.Qe5 Rd6 20.Rc5 Rc6 21.Rxc6 Bxc6 22.Rh3 h5 
23.Re3 Bd7 24.Qxd5 Qxh4 25.g3 exd5 26.Be2 Qh1+ 
27.Bd1 Re8 28.Rxe8+ Bxe8 29.b4 Ba4 30.Kd2 Qe4 
31.Be2 Qxc2+ 32.Ke3 Qe4+ 33.Kd2 Qc2+ 34.Ke3 Qb3+ 
35.Bd3 Qxa3 36.b5 Bxb5 0-1

[Event "HCL-B3825"]
[Site "www.playchess.de"]
[Date "2006.03.22"]
[Round "2"]
[White "thinkchess"]
[Black "dynamike"]
[WhiteElo "1500"]
[BlackElo "1610"]
[PlyCount "58"]
[Result "0-1"]

1.d4 Nf6 2.g3 g6 3.Bg2 Bg7 4.Nf3 O-O 5.O-O d5 
6.Nbd2 Nbd7 7.e3 c5 8.c3 Re8 9.a3 Qc7 10.Qa4 e5 
11.Qb3 c4 12.Qc2 e4 13.Ng5 h6 14.Nh3 Nb6 15.b3 Bd7 
16.f3 cxb3 17.Nxb3 Qc8 18.Nf2 exf3 19.Bxf3 Nc4 
20.Re1 Bf5 21.e4 dxe4 22.Nxe4 Nxe4 23.Bxe4 Bxe4 
24.Rxe4 Qc6 25.Rxe8+ Rxe8 26.Qd3 Re1+ 27.Kf2 Rh1 
28.h4 Rh2+ 29.Ke1 Qe6+ 0-1

[Event "HCL-E1578"]
[Site "www.playchess.de"]
[Date "2006.03.22"]
[Round "10"]
[White "alldrix"]
[Black "Paul_D"]
[WhiteElo "1641"]
[BlackElo "1528"]
[PlyCount "53"]
[Result "1-0"]

1.e4 {hi Paul}  c6 {Hi Alldrix, good luck.}  2.d4 
d5 3.Nc3 dxe4 4.Nxe4 e5 5.Qe2 Bf5 6.dxe5 Qa5+ 
7.Nc3 Nd7 8.Nf3 Bg4 9.Bd2 Bxf3 10.Qxf3 Qxe5+ 
11.Be2 Bd6 12.O-O-O Qf6 13.Ne4 Qxf3 14.Nxd6+ Kf8 
15.Bxf3 Ne5 16.Bc3 Nxf3 17.gxf3 Ne7 18.Rhg1 f6 
19.Bb4 b6 20.Rge1 c5 21.Bc3 h5 22.Nb5 Nc6 23.Rd6 
Rc8 24.Rd7 a6 25.Nd6 Rd8 26.Rxd8+ Nxd8 
27.Re8+ 1-0

[Event "HCL-T266"]
[Site "www.playchess.de"]
[Date "2006.03.22"]
[Round "21"]
[White "daveboy6968"]
[Black "Wilmy"]
[WhiteElo "940"]
[BlackElo "1248"]
[PlyCount "62"]
[Result "0-1"]

1.e4 e6 2.d4 d5 3.Nc3 Bb4 4.e5 c5 5.Bb5+ Bd7 6.Bd2 
cxd4 7.Bxd7+ Nxd7 8.f4 dxc3 9.Bxc3 Bc5 10.Nf3 b5 
11.Bd4 Qb6 12.c3 Ne7 13.O-O Nf5 14.Bxc5 Nxc5 
15.Re1 Nd3+ 16.Kh1 Nf2+ 17.Kg1 Nxd1+ 18.Nd4 Nxb2 
19.h3 Nd3 20.Ref1 Nxd4 21.Rfd1 Nc2+ 22.Kh2 Nxa1 
23.Rxa1 Qf2 24.Rd1 Nxf4 25.Rg1 Ne2 26.Rb1 Nf4 
27.Rg1 Rc8 28.Kh1 Rxc3 29.a4 Rg3 30.h4 Nxg2 31.h5 
Rh3+ 0-1

[Event "HCL-A2655"]
[Site "www.playchess.de"]
[Date "2006.03.22"]
[Round "5"]
[White "nico21"]
[Black "victorabiodun03"]
[WhiteElo "1532"]
[BlackElo "1573"]
[PlyCount "68"]
[Result "1/2-1/2"]

1.e4 e6 2.d4 d5 3.Nc3 Nf6 4.Bg5 Be7 5.e5 Nfd7 
6.Bxe7 Qxe7 7.Nf3 a6 8.Bd3 c5 9.dxc5 Qxc5 10.O-O 
Nc6 11.Re1 b5 12.a3 Bb7 13.Na2 Qe7 14.b4 O-O 15.c3 
Nb6 16.Qc2 h6 17.Nc1 Rfc8 18.Ne2 Na4 19.Qb1 Nb8 
20.Rc1 Nd7 21.Ra2 Ndb6 22.Bc2 Rc7 23.Bd3 Rac8 
24.Rac2 Nc4 25.Bxc4 R7xc4 26.Qa1 Qd8 27.h3 R8c7 
28.Nfd4 Bc8 29.Nb3 Bd7 30.Ned4 Qc8 31.Ne2 Qd8 
32.Ned4 R7c8 33.Na5 R4c7 34.Nf3 Bc6 {(offering 
draw)}  1/2-1/2

[Event "HCL-B3670"]
[Site "www.playchess.de"]
[Date "2006.03.22"]
[Round "15"]
[White "KB_Ludo"]
[Black "wedi"]
[WhiteElo "1093"]
[BlackElo "1200"]
[PlyCount "82"]
[Result "0-1"]

1.e4 g6 2.d4 Bg7 3.Nf3 c6 4.Ne5 d6 5.Nc4 d5 6.exd5 
cxd5 7.Ne5 Nc6 8.Be2 Nxe5 9.dxe5 Bxe5 10.c4 Nf6 
11.O-O O-O 12.cxd5 Qxd5 13.Qxd5 Nxd5 14.Bh6 Rd8 
15.Nc3 Nxc3 16.bxc3 Bxc3 17.Rac1 Bd2 18.Rc7 Bxh6 
19.Rxe7 Bg5 20.Rc7 Be6 21.h3 Bxa2 22.Rxb7 a5 
23.Bf3 Bd5 24.Rb5 Bxf3 25.gxf3 a4 26.Rxg5 a3 27.h4 
a2 28.h5 a1Q 29.hxg6 Qf6 30.gxh7+ Kxh7 31.f4 Qxf4 
32.Rh5+ Kg6 33.Rh2 Rdh8 34.Rg2+ Kf5 35.Re1 Rag8 
36.Rxg8 Rxg8+ 37.Kf1 Qc4+ 38.Re2 Re8 39.Kg2 Qxe2 
40.Kg3 Rg8+ 41.Kh3 Qh5+ 0-1

[Event "HCL-A2645"]
[Site "www.playchess.de"]
[Date "2006.03.22"]
[Round "13"]
[White "BR_Hort"]
[Black "baggur"]
[WhiteElo "2202"]
[BlackElo "1560"]
[PlyCount "59"]
[Result "1-0"]

1.d4 {hi}  Nf6 {hello}  2.c4 g6 3.Nc3 Bg7 4.e4 d6 
5.Nf3 O-O 6.Be2 e5 7.O-O Nc6 8.d5 Ne7 9.b4 a5 
10.Ba3 axb4 11.Bxb4 Nd7 12.a4 f5 13.Ng5 Nf6 14.c5 
h6 15.cxd6 cxd6 16.Ne6 Bxe6 17.dxe6 fxe4 18.Bxd6 
Re8 19.Rb1 Qc8 20.Nb5 Qxe6 21.Nc7 Qc8 22.Qb3+ Kh7 
23.Nxe8 Qxe8 24.Qxb7 Ned5 25.Bb5 Qd8 26.Bxe5 Kh8 
27.Rfd1 Qa5 28.Rxd5 Rd8 29.Rxd8+ Qxd8 
30.Bxf6 1-0

[Event "HCL-B3899"]
[Site "www.playchess.de"]
[Date "2006.03.22"]
[Round "9"]
[White "Cosmonauta"]
[Black "Ebaw"]
[WhiteElo "1161"]
[BlackElo "1235"]
[PlyCount "25"]
[Result "1-0"]

1.e4 {HI}  d5 {hi}  2.e5 {hallo, wie geht's?}  Bf5 
{gut}  3.d4 e6 4.Bb5+ c6 5.Ba4 Bb4+ 6.Nc3 Ne7 
7.Nf3 Nd7 8.O-O O-O 9.Nh4 Bxc3 10.bxc3 Qc7 11.Qf3 
Rac8 12.Qg3 Ng6 13.Nxf5 1-0